101 zážitkov z Kazachstanu
Guardado en:
| Otros Autores: | , |
|---|---|
| Formato: | Libro |
| Lenguaje: | eslovaco |
| Publicado: |
Bratislava :
Veľvyslanectvo Kazašskej republiky v Slovenskej republike, národná spoločnosť Kazakh Tourism,
2021
|
| Edición: | 1. vydanie |
| Materias: | |
| Etiquetas: |
Sin Etiquetas, Sea el primero en etiquetar este registro!
|
MARC
| LEADER | 00000nam a22000003a 4500 | ||
|---|---|---|---|
| 001 | 0088123 | ||
| 003 | SK-STU | ||
| 005 | 20210501002233.7 | ||
| 007 | ta | ||
| 008 | 210430s ----xo-----e------000-0-----d | ||
| 020 | |a 978-1-913356-25-5 | ||
| 040 | |a STU |b slo | ||
| 041 | 0 | |a slo | |
| 044 | |a xo | ||
| 100 | 1 | |a Rowan, Nick |4 edt | |
| 245 | 1 | 0 | |a 101 zážitkov z Kazachstanu |
| 250 | |a 1. vydanie | ||
| 260 | |a Bratislava : |b Veľvyslanectvo Kazašskej republiky v Slovenskej republike, národná spoločnosť Kazakh Tourism, |c 2021 | ||
| 300 | |a s. | ||
| 650 | 0 | 7 | |a architektúra |
| 650 | 0 | 7 | |a ľudia |
| 650 | 0 | 7 | |a krajina |
| 650 | 0 | 7 | |a pamiatky |
| 650 | 0 | 7 | |a Svetové kultúrne dedičstvo UNESCO |
| 700 | 1 | |a Vassilenko, Roman |4 edt | |
| 996 | |b 284AU08607 |c A* 11871/U |l AAKNAR |s A |a 24 |w 0088123_0001 | ||